| 000 | 00463nam a2200157Ia 4500 | ||
|---|---|---|---|
| 999 |
_c19336 _d19336 |
||
| 003 | OSt | ||
| 005 | 20200701103725.0 | ||
| 008 | 190216s9999||||xx |||||||||||||| ||und|| | ||
| 040 | _coclc | ||
| 082 |
_a905 _bMCN/J |
||
| 100 |
_a Mcneill, William H _93378 |
||
| 245 | 4 |
_aThe Journal Of Modern History / _cWilliam H Mcneill |
|
| 260 |
_bThe University Of Chicago Press, _c1978. |
||
| 300 | _a210p | ||
| 942 |
_cBK _2ddc _h905 _iMCN/J _k905 _mMCN/J |
||